000 00510nam a2200217Ia 4500
003 OSt
005 20220924152141.0
006 a|||||r|||| 00| 0
007 ta
008 220923b |||||||| |||| 00| 0 mar d
024 _a341172
037 _cTextual
040 _aARTS
_cARTS
_bmar
041 _2mar
_amar
082 _aC, 155B9
245 0 _aPadarth vigyan Shastrachi Multatven
260 _c1889
650 _aPHYSICS
942 _hC, 155B9
_cTEXL
_2CC
999 _c468912
_d468912